Statistics for Percy Jackson Gods

Click here to take the quiz!

General Stats

  • This quiz has been taken 158 times
  • The average score is 21 of 30

Answer Stats

Hint Answer % Correct
DeadHades
99%
SkyZeus
99%
SeaPoseidon
98%
WisdomAthena
96%
WarAres
96%
Medicine, archery, poetryApollo
96%
MarriageHera
94%
LoveAphrodite
93%
RainbowsIris
90%
ThievesHermes
88%
HarvestDemeter
88%
HuntArtemis
87%
WineDionysus
87%
HearthHestia
86%
BlacksmithsHephaestus
81%
WildPan
81%
TimeKronos
81%
RevengeNemesis
78%
EarthGaea
76%
SpringtimePersephone
70%
MagicHecate
65%
GatesJanus
49%
Ocean TitanOceanus
46%
FearPhobos
35%
TerrorDeimos
32%
WindAeolus
25%
Burning LightHyperion
20%
ForethoughtPrometheus
17%
GhostsMelinoe
16%
NorthCoeus
3%

Score Distribution

Percentile by Number Answered

Percent of People with Each Score

Your Score History

You have not taken this quiz